| 000 | 01670nam0a2200361 4500 | ||
|---|---|---|---|
| 001 | RU\NLR\bibl\1017745 | ||
| 005 | 20250803035949.0 | ||
| 010 |
_a5-93381-227-7 _bВ пер. _93000 |
||
| 021 |
_aRU _b2006-68631 _93450 |
||
| 035 | _a(NLR Aleph) 001005305 | ||
| 035 | _a(nilc)RSL-KNO-002962204 | ||
| 090 |
_a604338 _c604338 |
||
| 100 | _a20061020d2006 |||y0rusy50 ca | ||
| 101 | 1 |
_arus _ceng |
|
| 102 | _aRU | ||
| 105 | _ay zzzz||||| | ||
| 106 | _ar | ||
| 200 | 1 |
_aЖивописцы итальянского Возрождения _fБернард Бернсон _g[пер. с англ. Н. А. Белоусовой, И. П. Тепляковой] _gArs longa |
|
| 210 |
_aМосква _cБ.С.Г.-ПРЕСС _d2006 |
||
| 215 |
_a559 с. _cил., портр. _d17 |
||
| 300 | _aЗагл. и авт. ориг.: The Italian Painters of the Renaissance / Bernard Berenson | ||
| 454 | 0 |
_12001#$aThe Italian Painters of the Renaissance$fBernard Berenson _1700#1$aBerenson$bB.$gBernard$4070 _tThe Italian Painters of the Renaissance _aBerenson, Bernard |
|
| 606 | 1 |
_aЖивопись итальянская _z15 - 16 вв. _91059615 _3RU\NLR\auth\6692623 |
|
| 610 | 0 | _aИскусство. Искусствознание -- Живопись -- История живописи -- Живопись Италии -- 14 - 16 вв. -- Персоналии художников | |
| 686 |
_aЩ143(4Ит)43-8,0 _2rubbk |
||
| 686 | _aЩ143(4Ит)43 | ||
| 700 | 1 |
_aБернсон _bБ. _f1865-1959 _gБернард _4070 |
|
| 801 | 0 |
_aRU _bРКП _c20061020 _grcr |
|
| 801 | 1 |
_aRU _bРГБ _c20061020 |
|
| 801 | 2 |
_aRU _bNLR _c20061206 _grcr |
|
| 942 | _cBOOK | ||
| 980 | _aNB | ||